000 00825nam a2200265Ia 4500
003 OSt
005 20220918165548.0
006 a|||||r|||| 00| 0
007 ta
008 220917b |||||||| |||| 00| 0 eng d
020 _a8131600645 (hbk)
_c895
024 _a239,994
037 _b006, 02/09/2009, Independent Publishers Group
_cTextual
040 _aARTS
_cARTS
_beng
041 _2eng
_aeng
082 _aV2,8.N9, P9
100 _aSharma P.D.
_924807
245 0 _aIndian administration
_b Retrospect and prospect
260 _aJaipur
_bRawat Publications India
_c2009
300 _axii,584p.
_ccm.
650 _aHISTORY
700 _a Sharma B.M.
_924808
942 _hV2,8.N9, P9
_cTEXL
_2CC
999 _c130381
_d130381